000 00317nam a2200121Ia 4500
005 20251222144748.0
008 251222s9999||||xx |||||||||||||| ||spa||
082 _a658.022/P45
100 _aPérez Figueroa, E.H.
245 0 _aOrganización y Administración de la Pequeña Empresa
264 _bCarpes
942 _cLIB
999 _c19236
_d19236